| 000 | 01746nam1a2200409 4500 | ||
|---|---|---|---|
| 001 | RU\NLR\BIBL_A\022578918 | ||
| 005 | 20251214193640.0 | ||
| 010 |
_a978-5-4499-3156-6 _9500 |
||
| 035 | _a(NLR Aleph) 022578918 | ||
| 090 |
_a13496160 _c13496160 |
||
| 100 | _a20250703d2024 u y0rusy50 ca | ||
| 101 | 0 | _arus | |
| 102 | _aRU | ||
| 105 | _a||||e|||||||| | ||
| 181 | 0 |
_ai3 _baxxe |
|
| 182 | 0 | _an | |
| 200 | 1 |
_aПравославно-богословский терминологический словарь _eв двух частях _fБ. С. Бакулин |
|
| 203 |
_aТекст _bвизуальный _cнепосредственный |
||
| 210 |
_aМосква _cDirectMEDIA _d2024 |
||
| 215 | _d25 | ||
| 300 | _aНа 3-й с. авт.: Б. С. Бакулин, религиоз. мыслитель, историк Рус. Церкви | ||
| 601 | 0 | 2 |
_aРусская православная церковь _jТерминологические словари _9945315 _3RU\NLR\AUTH\6631882 |
| 606 | 1 |
_aПравославие _jТерминологические словари _91149727 _3RU\NLR\AUTH\66140500 |
|
| 606 | 1 |
_aБогословие православное _jТерминологические словари _91149609 _3RU\NLR\AUTH\66140438 |
|
| 686 | 2 | _aЭ372я212 | |
| 686 | 2 | _aЭ372.24-4я212 | |
| 686 | 2 | _aЭ372.24я212 | |
| 700 | 1 |
_aБакулин _bБ. С. _f1905-1992 _gБорис Саввич |
|
| 852 |
_aNLR _bС _j2025-3/82 |
||
| 942 | _cBOOK | ||
| 980 | _aNB | ||